[Event "Pinneberg-ch"]
[Site "Pinneberg"]
[Date "2012.09.20"]
[Round "6"]
[White "Thomas, Andreas"]
[Black "Wanke, Andreas"]
[Result "0-1"]
[WhiteElo "1667"]
[BlackElo "1849"]
[PlyCount "70"]
[EventDate "2012.08.16"]
[EventType "swiss"]
[EventRounds "7"]
[EventCountry "GER"]
[SourceTitle "EXT 2013"]
[Source "ChessBase"]
[SourceDate "2012.11.22"]
[SourceVersion "1"]
[SourceVersionDate "2012.11.22"]
[SourceQuality "1"]

1. e4 c5 2. d4 cxd4 3. c3 Nc6 4. cxd4 d5 5. exd5 Qxd5 6. Nc3 Qxd4 7. Be3 Qxd1+ 8. Rxd1 e6 9. Nb5 Bb4+ 10. Ke2 Ba5 11. Nd6+ Kf8 12. Bc5 Nge7 13. Nc4 Bc7 14. b4 b6 15. Bd6 Bxd6 16. Nxd6 Nxb4 17. Nf3 Ba6+ 18. Ke1 Bxf1 19. Kxf1 Nc8 20. Nb5 Nd5 21. g3 Ke7 22. Ne5 a6 23. Nc7 Nxc7 24. Rd7+ Kf6 25. f4 Nd6 26. Rxd6 Rhd8 27. Rxb6 Rd1+ 28. Kg2 Rxh1 29. Kxh1 g5 30. Rd6 gxf4 31. gxf4 Kf5 32. Nxf7 Kxf4 33. Rc6 Ra7 34. Rc4+ Ke3 35. Rc3+ Kd4 0-1